Việt sử giai thoại T.2 51 giai thoại thời Lý

Saved in:
Bibliographic Details
Main Author: Nguyễn, Khắc Thuần
Format: Book
Published: H. Giáo dục 2003
Edition:Tái bản lần thứ tám
Subjects:
Tags: Add Tag
No Tags, Be the first to tag this record!
Institutions: Trung tâm Học liệu Lê Vũ Hùng, Trường Đại học Đồng Tháp
LEADER 00769pam a22002298a 4500
001 00041751
005 20180713110748.0
008 110505s1997 ||||||Viesd
020 # # |c 5000 
041 0 # |a Vie 
082 1 # |a 959.701 209 2  |b V308S 
100 1 # |a Nguyễn, Khắc Thuần 
245 0 0 |a Việt sử giai thoại  |c Nguyễn Khắc Thuần  |n T.2  |p 51 giai thoại thời Lý 
250 # # |a Tái bản lần thứ tám 
260 # # |a H.  |b Giáo dục  |c 2003 
300 # # |a 90 tr.  |c 21 cm. 
650 # # |a Giai thoại văn học 
650 # # |a Trung đại 
653 # # |a Lịch sử Việt Nam 
852 # # |j KM.0025167  |j KD.0024561 
910 |d 13/07/2018 
980 # # |a Trung tâm Học liệu Lê Vũ Hùng, Trường Đại học Đồng Tháp